| 000 | 00667nam a2200277Ia 4500 | ||
|---|---|---|---|
| 008 | 190123s9999 xx 000 0 und d | ||
| 020 | _a9780545622400 | ||
| 050 | _bB274 2009 | ||
| 100 | _aBarretta, Gene | ||
| 245 | 0 | _aNeo Leo : | |
| 245 | 4 | _bthe ageless ideas of Leonardo da Vinci / | |
| 245 | 0 | _cby Gene Barretta. | |
| 260 | _aNew York, New York : | ||
| 260 | _bScholastic, | ||
| 260 | _c2009 | ||
| 300 | _aunpaged : | ||
| 300 | _bcolored illustrations ; | ||
| 300 | _c22cm. | ||
| 500 | _a930L | ||
| 650 | _aEngineering. | ||
| 650 | _aInventions. | ||
| 650 | _aInventors. | ||
| 650 | _aItaly. | ||
| 650 | _aScientists. | ||
| 700 | _aTitle. | ||
| 999 |
_c361174 _d361174 |
||